Hardy,yeats and eliot : (Record no. 128047)

MARC details
000 -LEADER
fixed length control field 00847nam a22002417a 4500
005 - DATE AND TIME OF LATEST TRANSACTION
control field 20170124110034.0
010 ## - LIBRARY OF CONGRESS CONTROL NUMBER
LC control number A-427416
020 ## - INTERNATIONAL STANDARD BOOK NUMBER
Terms of availability 200.00
International Standard Book Number 817034993
035 ## - SYSTEM CONTROL NUMBER
System control number A-427416
037 ## - SOURCE OF ACQUISITION
Source of stock number/acquisition Cen Lib/Ret
040 ## - CATALOGING SOURCE
Original cataloging agency DPL
Language of cataloging EN
082 ## - DEWEY DECIMAL CLASSIFICATION NUMBER
Classification number 881
Item number SIN
100 ## - MAIN ENTRY--PERSONAL NAME
Personal name Singh, S.B.
9 (RLIN) 22253
245 ## - TITLE STATEMENT
Title Hardy,yeats and eliot :
Statement of responsibility, etc by S.B.Singh
Remainder of title towards a meaning of history /
260 ## - PUBLICATION, DISTRIBUTION, ETC. (IMPRINT)
Name of publisher, distributor, etc Bahri Publications
Date of publication, distribution, etc 1990
Place of publication, distribution, etc New Delhi
270 ## - ADDRESS
City New Delhi
Address 997/A/9 Gobindpuri, Kalkaji
Postal code 110019
300 ## - PHYSICAL DESCRIPTION
Extent 243p. :
Dimensions 21cm(Hb)
Other physical details ill.
490 ## - SERIES STATEMENT
Series statement Series in English language and literature -22
500 ## - GENERAL NOTE
General note Includes bibliographical references
650 ## - SUBJECT ADDED ENTRY--TOPICAL TERM
Topical term or geographic name as entry element Hardy, Thomas, -- 1840-1928
9 (RLIN) 22254
650 ## - SUBJECT ADDED ENTRY--TOPICAL TERM
Topical term or geographic name as entry element Yeats, W. B. -- (William Butler), -- 1865-1939 -- Criticism and interpretation.
9 (RLIN) 22255
942 ## - ADDED ENTRY ELEMENTS (KOHA)
Source of classification or shelving scheme Dewey Decimal Classification
Koha item type English Books
Classification part 881
Call number suffix SIN
Holdings
Withdrawn status Lost status Damaged status Not for loan Home library Current library Date acquired Source of acquisition Cost, normal purchase price Total Checkouts Full call number Barcode Date last seen Copy number Cost, replacement price Price effective from Koha item type Public note
Written off       Central Library Central Library 01/07/2015 Cen Lib/Ret 200.00   881 SIN A-427416 01/07/2015 1 200.00 01/07/2015 English Books Written off on approval by DLB (By Circulation); dtd 15-06-2023

© Delhi Public Library
Hit Counter
free hit counter